000 00639nam a22002537a 4500
003 UA-OsUOA
001 28707
007 ta
008 20050426b un ||||| |||| 00| 0 ukr d
100 _aБойко В. Ф.
090 _a347.1(477)
_bБ77
942 _cBK
040 _aUA-OsUOA
_bukr
_cUA-OsUOA
_dUA-OsUOA
245 _aСудова реформа в Україні: стан і перспективи
_bНавч. посіб.
300 _a176 с.
955 _a0
041 _aukr
080 _a347.1(477)
020 _a966-608-440-6
260 _aК.
_bМАУП
_c2004
044 _aUA
650 7 _2UDC
999 _c315078
_d315078